000 00748cam a2200253 a 4500
001 000008288
005 20200929161325.0
008 930909s1989 sp 000 1 spa d
010 _a90134846
020 _a8420480665
035 _a(OCoLC)21336636
040 _aDO-SdBNP
_cTxU
_dDLC
042 _alccopycat
082 _a863.64
_bC749t
100 1 _aConget, Jose Maria.
_922433
245 1 0 _aTodas las mujeres /
_cJose Maria Conget.
260 _aMadrid :
_bAlfaguara Hispanica,
_cc1989.
300 _a192 p. ;
_c22 cm.
490 1 _aAlfaguara hispanica ;
_vnueva ser., 64
650 4 _aNovela española
_91123
650 4 _aLiteratura española
_9632
830 0 _aAlfaguara hispanica ;
_v64.
_94764
910 _aCatalogación por copia / LC
999 _c8059
_d8059